| 000 | 00616 a2200193 4500 | ||
|---|---|---|---|
| 999 |
_c8737 _d8737 |
||
| 020 | _a9780143538820 | ||
| 050 | _aHC800 HER 2012 | ||
| 100 |
_aHerbst, Jeffrey _eauthor |
||
| 245 |
_aAfrica's third liberation : _bthe new search for prosperity and jobs / _cJeffrey Ira Herbst; Greg Mills |
||
| 264 |
_aJohannesburg : _bPortfolio Penguin, _c2012. |
||
| 300 |
_a276 pages : _bill., maps |
||
| 500 | _aIncludes index | ||
| 650 | _aEconomic development | ||
| 650 | _aEconomic policy | ||
| 650 | _aEmployment (Economic theory) | ||
| 651 | _aAfrica | ||
| 700 |
_aMills, Greg _eauthor |
||
| 942 |
_2lcc _cBK _h800 _iHER _kHC |
||